000 01525pam a2200325 i 4500
001 4731690
003 EG-ScBUE
005 20250720095010.0
008 840209t1984 nyua f b 101 0 eng
020 _a0306416670
040 _aEG-ScBUE
_beng
_erda
_cEG-ScBUE
_dEG-ScBUE
082 0 4 _a541.28
_222
_bLOC
111 2 _aSymposium on Local Density Approximations in Quantum Chemistry and Solid State Theory
_d(1982 :
_cUniversity of Copenhagen)
_97525
245 1 0 _aLocal density approximations in quantum chemistry and solid state physics /
_cedited by Jens Peder Dahl, Technical University of Denmark, Lyngby, Denmark, and John Avery, University of Copenhagen, Copenhagen, Denmark.
264 1 _aNew York :
_bPlenum Press,
_c[1984]
264 4 _cc1984
300 _axiii, 851 pages :
_billustrations ;
_c26 cm
336 _2rdacontent
_atext
_btxt
337 _aunmediated
_2rdamedia
_bn
338 _avolume
_bnc
_2rdacarrier
500 _a"Proceedings of a Symposium on Local Density Approximations in Quantum Chemistry and Solid State Theory, held June 10-12, 1982, at the University of Copenhagen, Copenhagen, Denmark."
504 _aIncludes bibliographical references and index.
650 7 _aQuantum chemistry
_xCongresses.
_97526
_2BUEsh
650 7 _aSolid state chemistry
_xCongresses.
_97527
_2BUEsh
650 7 _aHartree-Fock approximation
_xCongresses.
_97528
_2BUEsh
655 _vReading book
700 1 _aDahl, Jens Peder,
_97529
_eeditor.
700 1 _aAvery, John,
_d1933-
_97530
_eeditor.
942 _2ddc
_cBB
999 _c12189
_d12189